000
00205 a2200097 4500
001
46572
100
_a
Hafeez,
245
_a
Afkar Hafeez No
260
_a
Karachi
_b
Maktaba Afkar
_c
090
_c
29681
_d
29681
942
_a
NUST-CAE
_c
M
_c
21870
999
_c
281645
_d
281645